zpět

Detail výsledku týmu

Klub Tyjátr, Svitavy

Datum a čas kvízu

22.5 Celkem bodů Celkový počet nahraných bodů na tomto kvízu bez doplňovacích otázek.
6. Pořadí na kvízu Konečné umístění týmu na tomto kvízu.

Zaznamenané odpovědi

# Otázka Odpověď Body Výsledky
1. Návštěvníci Pražského hradu mo... C) včelín 0
2. Kolumbijský parlament odhlasov... D) býčích zápasů 0
3. Ve kterém městě začal minulý t... ve Zlíně 0
4. Minulý týden oznámili organizá... v Ženevě 1
5. Minulý týden se dostala do méd... David Limberský 0
6. Kterým výrazem na písmeno M se... mixologie 1
7. Ernest Hemingway měl údajně v... Daiquiri 0
8. Oblíbenou složkou míchaných ná... pomeranči 0
9. Ve filmu Někdo to rád horké se... Manhattan 0
10. V poslední otázce se podíváme... Semafor 1